| 000 | 01237cam a22002894i 4500 | ||
|---|---|---|---|
| 001 | 17568161 | ||
| 003 | PILC | ||
| 005 | 20151123161034.0 | ||
| 008 | 121219s2014 ohua b 001 0 eng | ||
| 010 | _a 2012956078 | ||
| 020 | _a9781133947530 | ||
| 040 |
_aDLC _beng _cDLC _erda |
||
| 042 | _apcc | ||
| 050 | 0 | 0 |
_aHG 4026 _b.Eh37 2014 |
| 100 | 1 |
_aEhrhardt, Michael C., _d1955- |
|
| 245 | 1 | 0 |
_aCorporate finance : _ba focused approach / _cMichael C. Ehrhardt, University of Tennessee, Eugene F. Brigham, University of Florida. |
| 250 | _a5th edition. | ||
| 260 |
_aAustralia : _bCengage, _c2014. |
||
| 300 |
_axxix, 806 pages : _bcolor illustrations ; _c27 cm. |
||
| 500 | _aIncludes access code for 6 months access to Thomson ONE, a Web-based portal product that provides integrated access to Thomson Reuters Financial content for the purpose of financial analysis. This is an educational version of the same financial resources used by Wall Street analysts on a daily basis! | ||
| 650 | 0 |
_aCorporations _xFinance. |
|
| 700 | 1 |
_aBrigham, Eugene F., _d1930- |
|
| 906 |
_a7 _bcbc _corigcop _d2 _eepcn _f20 _gy-gencatlg |
||
| 942 |
_2lcc _cBK _kFOR |
||
| 999 |
_c288976 _d288976 |
||